000 02003nam a22004577a 4500
003 OSt
005 20201204113804.0
007 ta
008 201204b1989 dr ||||| |||| 00| 0 spa d
040 _aDO-sdBNP
_bspa
_cBNPHU
082 _axxx
_bA325m
100 _aAlba de Senior, Corina
_937254
245 _aManual del alcalde pedaneo /
_cCorina Alba de Senior.
260 _aSanto Domingo :
_bONAP ,
_c1989
300 _a33 P. ;
_b21 cm.
490 _aCol. ONAP :
_aEstudios jurídicos ;
_v37
500 _aCol. dirigida por Raymundo Amaro guzmán
500 _aFeria del libro Juan de Jesús Reyes Mao, Valverde.
505 1 _aBreve reseña histórica.-
505 1 _aDe los alcaldes pedaneos.-
505 1 _aDe los ayuntamientos del alcalde pedaneo.-
505 1 _aAtribuciones de los alcalde pedaneo.-
505 1 _aObras públicas.-
505 1 _aRegistro del estado civil.-
505 1 _aServicios de sanidad.-
505 1 _aAnimales sin dueños conocidos.-
505 1 _aCertificación de propiedad de animales.-
505 1 _aBeneficio de animales en los campos.- estampa para animales.- lidias de gallos.- aguas públicas.- correo.- servicios agrícolas y forestales.- condiciones de venta de frutos a la flor.- protección de los bosques.- de la policía judicial.-
505 1 _aCitaciones del ministerio público y jueces de instrucción.-
505 1 _aCitación por acto de alguacil.- embargo de frutos no cosechados.-
505 1 _aPorte y tenencia de armas (ley 36 de fecha 17 de octubre).-
505 1 _aelecciones públicas.-
505 1 _aMensuras catastrales.-
505 1 _aNotificación de las sentencias del tribunal de tierras.-
505 1 _aDerecho de caza (ley 392, del 20 de septiembre de 1943).-
505 1 _aInspección general (art. 17, ley 4401 del año 1956).-
505 1 _aLa división territorial.-
710 _4Oficina Nacional de Administración y Personal
830 _nEstudios jurídicos
_p37
_937255
942 _2ddc
_cLF2
999 _c49239
_d49239